<?xml version="1.0" encoding="UTF-8"?>
<record
    xmlns:xsi="http://www.w3.org/2001/XMLSchema-instance"
    xsi:schemaLocation="http://www.loc.gov/MARC21/slim http://www.loc.gov/standards/marcxml/schema/MARC21slim.xsd"
    xmlns="http://www.loc.gov/MARC21/slim">

  <leader>01631nam a22002057a 4500</leader>
  <controlfield tag="005">20220509164409.0</controlfield>
  <controlfield tag="008">220427b           ||||| |||| 00| 0 eng d</controlfield>
  <datafield tag="020" ind1=" " ind2=" ">
    <subfield code="a">0903141620</subfield>
  </datafield>
  <datafield tag="040" ind1=" " ind2=" ">
    <subfield code="c">AL</subfield>
  </datafield>
  <datafield tag="041" ind1=" " ind2=" ">
    <subfield code="a">English</subfield>
  </datafield>
  <datafield tag="082" ind1=" " ind2=" ">
    <subfield code="2">23</subfield>
    <subfield code="a">808.8</subfield>
    <subfield code="b">JACG</subfield>
  </datafield>
  <datafield tag="100" ind1=" " ind2=" ">
    <subfield code="a">Ian Jack</subfield>
    <subfield code="9">35231</subfield>
  </datafield>
  <datafield tag="245" ind1=" " ind2=" ">
    <subfield code="a">Granta 83 The Magazine of New Writing :This Overheating World</subfield>
  </datafield>
  <datafield tag="260" ind1=" " ind2=" ">
    <subfield code="a">London</subfield>
    <subfield code="b">Rea S Hederman</subfield>
    <subfield code="c">2003</subfield>
  </datafield>
  <datafield tag="300" ind1=" " ind2=" ">
    <subfield code="a">256 p.</subfield>
    <subfield code="b">PB</subfield>
    <subfield code="c">21x14.5 cm.</subfield>
  </datafield>
  <datafield tag="521" ind1=" " ind2=" ">
    <subfield code="a">Not so much the state we're in as the mess we're getting into. The world we were born into has gone. We shall never completely recapture its climate, its seasons, the way its plants grew and its animals lived. This is not a wild-eyed prediction, a man on the street with a placard. Respectable science knows it and says it. Nine of the world's ten warmest years since records were kept have occurred in the past fourteen years. Every month, an English garden moves south, climatically, by a distance of one hundred yards. Who is responsible? We are our habits. Can we prevent it? Too late. Can we moderate it, slow it, reverse it? Yes- if we try. This issue of "Granta" contains reports from the frontiers of environment change. Contributors include: Marion Botsford-Fraser; James Hamilton-Paterson; Matthew Hart; Thomas Keneally; Philip Marsden; Bill McKibben; Wayne McLennan; Christopher de Bellaigue; James Meek; and Nuha al-Radi in Iraq. There is new fiction from Maarten 't Hart and Jon McGregor, and a picture essay by Edward Burtynsky on our industrial landscapes.</subfield>
  </datafield>
  <datafield tag="650" ind1=" " ind2=" ">
    <subfield code="a">Literature -- Collections</subfield>
    <subfield code="9">32386</subfield>
  </datafield>
  <datafield tag="700" ind1=" " ind2=" ">
    <subfield code="a">JACK (Ian)</subfield>
    <subfield code="9">32387</subfield>
  </datafield>
  <datafield tag="942" ind1=" " ind2=" ">
    <subfield code="2">ddc</subfield>
    <subfield code="c">GF</subfield>
  </datafield>
  <datafield tag="999" ind1=" " ind2=" ">
    <subfield code="c">222675</subfield>
    <subfield code="d">222675</subfield>
  </datafield>
  <datafield tag="952" ind1=" " ind2=" ">
    <subfield code="0">0</subfield>
    <subfield code="1">0</subfield>
    <subfield code="2">ddc</subfield>
    <subfield code="4">0</subfield>
    <subfield code="7">0</subfield>
    <subfield code="8">ENG</subfield>
    <subfield code="a">AL</subfield>
    <subfield code="b">AL</subfield>
    <subfield code="d">2013-03-24</subfield>
    <subfield code="l">0</subfield>
    <subfield code="o">808.8 JACG</subfield>
    <subfield code="p">GF02253</subfield>
    <subfield code="r">2022-04-27 00:00:00</subfield>
    <subfield code="w">2022-04-27</subfield>
    <subfield code="y">GF</subfield>
  </datafield>
</record>
